000 00474nam a22001697a 4500
005 20250319162046.0
008 250319b |||||||| |||| 00| 0 eng d
020 _a9781412988124
041 _aEng.
082 _a616.89 RAY
100 _aRay, William J.
245 _aAbnormal Psychology
260 _aLos Angeles
_bSAGE Publications India Pvt Ltd
_c2018
300 _a661;. P. 28 cm
650 _aMental Disorders; Psychopathology; Culture; Neurosciences
942 _cBK
999 _c43346
_d43346